Η θεατρική τέχνη ως παιδαγωγική πράξη : διπλωματική εργασία [πτυχιακή εργασία]
Αποθηκεύτηκε σε:
| Κύριος συγγραφέας: | |
|---|---|
| Συγγραφή απο Οργανισμό/Αρχή: | |
| Άλλοι συγγραφείς: | |
| Μορφή: | Thesis Βιβλίο |
| Γλώσσα: | Greek |
| Δημοσίευση: |
2009
|
| Θέματα: | |
| Διαθέσιμο Online: | http://hdl.handle.net/11610/7514 |
| Ετικέτες: |
Προσθήκη ετικέτας
Δεν υπάρχουν, Καταχωρήστε ετικέτα πρώτοι!
|
MARC
| LEADER | 00000cam a2200000 i 4500 | ||
|---|---|---|---|
| 001 | 1/17378 | ||
| 008 | 120123s2009 gre d | ||
| 035 | |l 10111692 | ||
| 040 | |a GR-MY-UA |b gre |e aacr | ||
| 041 | 0 | |a gre | |
| 082 | 0 | |a 372.66 |2 (22) | |
| 100 | 1 | |a Ταντάλου, Σωτηρία. | |
| 245 | 1 | 2 | |a Η θεατρική τέχνη ως παιδαγωγική πράξη : |b διπλωματική εργασία [πτυχιακή εργασία] / |c Σωτηρία Ταντάλου ; επιβλέπων: Παπαδόπουλος Ιωάννης |
| 260 | |c 2009 | ||
| 300 | |a 84 σ.; |c 30 εκ. | ||
| 500 | |a Μέλη εξεταστικής επιτροπής: Αναγνωστοπούλου Διαμάντη, Γιαννικοπούλου Αγγελική | ||
| 502 | # | # | |a Πτυχιακή εργασία – Πανεπιστήμιο Αιγαίου, Ρόδος, 2009. |
| 504 | |a Βιβλιογραφία: σ. 81-84 | ||
| 650 | 0 | 0 | |a Theater |x Study and teaching. |
| 650 | 0 | 0 | |a Drama in education. |
| 650 | 0 | 0 | |a Drama |x Study and teaching. |
| 650 | 0 | 0 | |a Dissertations, Academic |z Greece. |
| 700 | 1 | |a Παπαδόπουλος, Ιωάννης. |4 ths | |
| 710 | 2 | |a Πανεπιστήμιο Αιγαίου |b Σχολή Ανθρωπιστικών Επιστημών |b Τμήμα Επιστημών της Προσχολικής Αγωγής και του Εκπαιδευτικού Σχεδιασμού. | |
| 852 | |a INST |b RHODES |c DIATR |e 20120123 |h 372.66 ΤΑΝ |p 005400032423 |q 005400032423 |t DIE |y 23 | ||
| 852 | |a INST |b RHODES |c DIATR |e 20120123 |h 372.66 ΤΑΝ |p 005400032424 |q 005400032424 |t DIE |y 23 | ||
| 856 | |u http://hdl.handle.net/11610/7514 | ||
| 901 | |a BIBL4-2012-1 | ||
| 909 | |a Ρ |b 159647 | ||
| 909 | |a Ρ |b 159648 | ||
| 924 | |a ΤΑΝΤΑΛΟΥ |b ΣΩΤΗΡΙΑ |y ΡΟΔΟΣ |z 2009-07 | ||
| 970 | |z 2012/01/23 | ||